Central Library OPAC University of Rajshahi

The basis of sensation : (Record no. 12036)

MARC details
000 -LEADER
fixed length control field 00840cam a22002651 4500
001 - CONTROL NUMBER
control field 12036
003 - CONTROL NUMBER IDENTIFIER
rucl marc code BD-RjUL
005 - DATE AND TIME OF LATEST TRANSACTION
control field 20211208235226.0
008 - FIXED-LENGTH DATA ELEMENTS--GENERAL INFORMATION
fixed length control field 140128r19341928nyua 001 0 eng
035 ## - SYSTEM CONTROL NUMBER
System control number (BD-RjUL)12085
System control number (OCoLC)1557845
040 ## - CATALOGING SOURCE
Original cataloging agency DLC
Transcribing agency FMU
Modifying agency MBU-M
-- OCoLC
-- DLC
-- BD-RjUL
Language of cataloging eng
041 ## - LANGUAGE CODE
Language code of text/sound track or separate title eng
082 ## - DEWEY DECIMAL CLASSIFICATION NUMBER
Classification number 152.1
Author mark and year ADB 1934
100 1# - MAIN ENTRY--PERSONAL NAME
Personal name Adrian, E. D.,
Dates associated with a name 1889-1977.
Fuller form of name (Edgar Douglas)
9 (RLIN) 37304
245 04 - TITLE STATEMENT
Title The basis of sensation :
Remainder of title the action of the sense organs /
Statement of responsibility, etc. by E. D. Adrian.
260 ## - PUBLICATION, DISTRIBUTION, ETC. (IMPRINT)
Place of publication, distribution, etc. New York :
Name of publisher, distributor, etc. W. W. Norton & company, inc.,
Date of publication, distribution, etc. [Reprinted 1934].
300 ## - PHYSICAL DESCRIPTION
Pagination 122 p. :
Illustrations illus., diagrs. ;
Size 22 cm.
500 ## - GENERAL NOTE
General note Printed in Great Britain.
504 ## - BIBLIOGRAPHY, ETC. NOTE
Bibliography, etc Includes index.
650 #0 - SUBJECT ADDED ENTRY--TOPICAL TERM
Topical term or geographic name as entry element Senses and sensation.
9 (RLIN) 5252
942 ## - ADDED ENTRY ELEMENTS (KOHA)
Source of classification or shelving scheme Dewey Decimal Classification
Koha item type Books
Holdings
Lost status Source of classification or shelving scheme Damaged status Not for loan Collection code Permanent Location Current Location Shelving location Date acquired Source of acquisition Cost, normal purchase price Total Checkouts Full call number Date last seen Copy number Koha item type
  Dewey Decimal Classification   Not For Loan Non-fiction Central Library, University of Rajshahi Central Library, University of Rajshahi Reading Room 26/05/1956 Prof. Raidi 4.96   152.1 ADB 1934 28/01/2014 C-1 Books